000 00329nam a2200121 a 4500
001 000013510
005 20200929163243.0
008 091125s2008 dr a 000 0 spa d
020 _a9789945112818
040 _aDO-SdBNP
_bspa
_cBNPHU
245 0 0 _aCaligrafía :
_beducación básica.
260 _aSanto Domingo :
_bSantillana,
_c2008.
999 _c13134
_d13134